Faculty of Law Library — Cairo University

Official Online Catalog

Droit Pénal Et Défense Sociale: (Record no. 76372)

MARC details
000 -LEADER
fixed length control field 00971nam a2200301 i 4500
003 - CONTROL NUMBER IDENTIFIER
control field EG-GICUC
005 - DATE AND TIME OF LATEST TRANSACTION
control field 20260509132212.0
008 - FIXED-LENGTH DATA ELEMENTS--GENERAL INFORMATION
fixed length control field 260509s1955 sz ||||f |||| 00| 0 fre d
040 ## - CATALOGING SOURCE
Language of cataloging fre
Transcribing agency EG-GICUC
Description conventions rda
Original cataloging agency EG-GICUC
Modifying agency EG-GICUC
041 0# - LANGUAGE CODE
Language code of text/sound track or separate title fre
082 ## - DEWEY DECIMAL CLASSIFICATION NUMBER
Edition number 21
Classification number 343.5
Item number GR. D
092 04 - LOCALLY ASSIGNED DEWEY CALL NUMBER (OCLC)
Edition number 21
099 ## - LOCAL FREE-TEXT CALL NUMBER (OCLC)
Classification number Law1 10 343.5 GR. D 1955
100 1# - MAIN ENTRY--PERSONAL NAME
Personal name Graven, Jean
Relator term Auteur
245 14 - TITLE STATEMENT
Title Droit Pénal Et Défense Sociale:
Remainder of title I. Orientation générale /
Statement of responsibility, etc. Jean Graven.
264 #1 - PRODUCTION, PUBLICATION, DISTRIBUTION, MANUFACTURE, AND COPYRIGHT NOTICE
Place of production, publication, distribution, manufacture Suisse:
Name of producer, publisher, distributor, manufacturer المجلة الجنائية السويسرية,
Date of production, publication, distribution, manufacture, or copyright notice 1955.
300 ## - PHYSICAL DESCRIPTION
Extent 53 صفحة ؛
Dimensions 24 سم .
336 ## - CONTENT TYPE
Source rda content
Content type term text
337 ## - MEDIA TYPE
Source rda media
Media type term Computer
338 ## - CARRIER TYPE
Source rda carrier
Carrier type term Online Resource
546 ## - LANGUAGE NOTE
Language note Texte en français
650 1# - SUBJECT ADDED ENTRY--TOPICAL TERM
Topical term or geographic name entry element Droit international public
Source of heading or term qrmak
650 1# - SUBJECT ADDED ENTRY--TOPICAL TERM
Topical term or geographic name entry element Droit Pénal
Source of heading or term qrmak
651 1# - SUBJECT ADDED ENTRY--GEOGRAPHIC NAME
Source of heading or term qrmak
856 40 - ELECTRONIC LOCATION AND ACCESS
Uniform Resource Identifier <a href="https://fll.law.cu.edu.eg/fulltext/bksB10-10100.pdf">https://fll.law.cu.edu.eg/fulltext/bksB10-10100.pdf</a>
905 ## - Cataloger and Reviser Names
Cataloger Name: Rawan khaled
Revisor Name: Yara
942 ## - ADDED ENTRY ELEMENTS (KOHA)
Source of classification or shelving scheme Dewey Decimal Classification
Koha item type Books
Edition 21
Suppress in OPAC No
Holdings
Withdrawn status Lost status Source of classification or shelving scheme Damaged status Not for loan Collection Home library Current library Date acquired Total checkouts Full call number Barcode Date last seen Copy number Price effective from Koha item type
    Dewey Decimal Classification   Not for loan القانون الجنائي جــــامعة القــاهرة مكتبة كلية الحقوق - المبنى الرئيسي 09.05.2026   Law1 10 343.5 GR. D 1955 1010100 C1 B10-10932 09.05.2026 1 09.05.2026 Books

© All rights reserved — Faculty of Law, Cairo University